Public relations : (Record no. 19074)
[ view plain ]
| 000 -LEADER | |
|---|---|
| fixed length control field | 00940cam a22002895a 4500 |
| 001 - CONTROL NUMBER | |
| control field | 16385718 |
| 005 - DATE AND TIME OF LATEST TRANSACTION | |
| control field | 20201128021223.0 |
| 008 - FIXED-LENGTH DATA ELEMENTS--GENERAL INFORMATION | |
| fixed length control field | 100810t2012 enka frb 001 0 eng d |
| 020 ## - INTERNATIONAL STANDARD BOOK NUMBER | |
| International Standard Book Number | 1292056584 |
| 020 ## - INTERNATIONAL STANDARD BOOK NUMBER | |
| International Standard Book Number | 9781292056586 |
| 040 ## - CATALOGING SOURCE | |
| Original cataloging agency | DLC |
| Language of cataloging | eng |
| Transcribing agency | DLC |
| Modifying agency | EG-ScBUE |
| 082 04 - DEWEY DECIMAL CLASSIFICATION NUMBER | |
| Edition number | 22 |
| Classification number | 659.2 |
| Item number | WIL |
| 100 1# - MAIN ENTRY--PERSONAL NAME | |
| Personal name | Wilcox, Dennis L. |
| 9 (RLIN) | 2217 |
| 245 10 - TITLE STATEMENT | |
| Title | Public relations : |
| Remainder of title | strategies and tactics / |
| Statement of responsibility, etc | Dennis L. Wilcox, Glen T. Cameron, Bryan H. Reber. |
| 250 ## - EDITION STATEMENT | |
| Edition statement | 11th ed., Global ed. |
| 260 ## - PUBLICATION, DISTRIBUTION, ETC. (IMPRINT) | |
| Place of publication, distribution, etc | Harlow, Essex : |
| Name of publisher, distributor, etc | Pearson Education Limited, |
| Date of publication, distribution, etc | c.2015. |
| 300 ## - PHYSICAL DESCRIPTION | |
| Extent | 624 p. : |
| Other physical details | ill. (col.) ; |
| Dimensions | 26 cm. |
| 500 ## - GENERAL NOTE | |
| General note | Index : p. 604-619. |
| 504 ## - BIBLIOGRAPHY, ETC. NOTE | |
| Bibliography, etc | Bibliography : p. 597-603. |
| 650 #0 - SUBJECT ADDED ENTRY--TOPICAL TERM | |
| Topical term or geographic name as entry element | Public relations. |
| Source of heading or term | BUEsh |
| 9 (RLIN) | 29090 |
| 651 ## - SUBJECT ADDED ENTRY--GEOGRAPHIC NAME | |
| Source of heading or term | BUEsh |
| 653 ## - INDEX TERM--UNCONTROLLED | |
| Resource For college | BAEPS, Business Administration |
| Arrived date list | March2015 |
| Resource For college | Communication and mass media |
| Arrived date list | August2015 |
| 653 ## - INDEX TERM--UNCONTROLLED | |
| Resource For college | Communication and mass media |
| Arrived date list | August 2016 |
| 700 1# - ADDED ENTRY--PERSONAL NAME | |
| Personal name | Cameron, Glen T. |
| 9 (RLIN) | 29091 |
| 700 1# - ADDED ENTRY--PERSONAL NAME | |
| Personal name | Reber, Bryan H. |
| 942 ## - ADDED ENTRY ELEMENTS (KOHA) | |
| Source of classification or shelving scheme | Dewey Decimal Classification |
| Item type | Book - Borrowing |
| Call number prefix | 659.2 WIL |
| Withdrawn status | Item status | Source of classification or shelving scheme | Damaged status | Not for loan | Vendor | Home library | Current library | Shelving location | Date acquired | Source of acquisition | Total Checkouts | Full call number | Barcode | Date last seen | Koha item type | Total Renewals | Date last borrowed | Cost, normal purchase price | Serial Enumeration / chronology | Cost, replacement price |
|---|---|---|---|---|---|---|---|---|---|---|---|---|---|---|---|---|---|---|---|---|
| Dewey Decimal Classification | Baccah | Central Library | Central Library | First floor | 19/03/2015 | 659.2 WIL | 000037552 | 15/07/2025 | NB - Book (Non borrowing) | |||||||||||
| Dewey Decimal Classification | Baccah | Central Library | Central Library | First floor | 19/03/2015 | 15 | 659.2 WIL | 000037551 | 15/07/2025 | Book - Borrowing | 88 | 04/11/2019 | ||||||||
| Dewey Decimal Classification | Baccah | Central Library | Central Library | First floor | 19/03/2015 | 13 | 659.2 WIL | 000037550 | 15/07/2025 | Book - Borrowing | 85 | 14/10/2019 | ||||||||
| Dewey Decimal Classification | Baccah | Central Library | Central Library | First floor | 19/03/2015 | 16 | 659.2 WIL | 000037549 | 15/07/2025 | Book - Borrowing | 57 | 17/02/2019 | ||||||||
| Dewey Decimal Classification | Baccah | Central Library | Central Library | First floor | 19/03/2015 | 17 | 659.2 WIL | 000037548 | 15/07/2025 | Book - Borrowing | 59 | 02/11/2019 | ||||||||
| Dewey Decimal Classification | Alahram | Central Library | Central Library | First floor | 24/06/2015 | 17 | 659.2 WIL | 000038822 | 15/07/2025 | Book - Borrowing | 41 | 14/10/2018 | 295.00 | 314 | 368.75 | |||||
| Dewey Decimal Classification | Baccah | Central Library | Central Library | First floor | 10/08/2016 | Purchase | 15 | 659.2 WIL | 000033222 | 15/07/2025 | Book - Borrowing | 69 | 02/11/2019 | 459.00 | 25840 | 573.75 |